LEADER 00985nab a2200229 i 4500
001 misc62016
005 20230301140623.0
008 230202s1959 hu o 0|| ger d
040 |a SZTE Miscellanea Repozitórium  |b hun 
041 |a ger 
100 1 |a Pricak Omelân 
245 1 0 |a Xun, der Volksname der Hsiung-nu  |h [elektronikus dokumentum] /  |c  Pricak Omelân 
260 |a Mouton ; Harrassowitz  |b The Hague ; Wiesbaden  |c 1959 
300 |a 27-34  |c 24 cm 
300 |a [8] p.  |c 24 cm 
490 0 |a Central Asiatic journal : international periodical for the languages, literature, history and archaeology of Central Asia;Central Asiatic journal : international periodical for the languages, literature, history and archaeology of Central Asia 
561 |a Németh Gyula hagyaték 
591 |a LOA 2915; NOA 4706 
650 4 |a Bölcsészettudományok 
650 4 |a Nyelvek és irodalom 
695 |a Népnév - hun 
856 4 0 |u http://misc.bibl.u-szeged.hu/62016/1/4706_noa.pdf  |z Dokumentum-elérés